High school teacher malayalam: (Record no. 181723)

000 -LEADER
fixed length control field 00550nam a2200169 4500
020 ## - INTERNATIONAL STANDARD BOOK NUMBER
ISBN 9789390790241
082 ## - DEWEY DECIMAL CLASSIFICATION NUMBER
Classification number M 894.812
Item number SUV/H
100 ## - MAIN ENTRY--AUTHOR NAME
Personal name Suvitha Jinto Puthenveetil
245 ## - TITLE STATEMENT
Title High school teacher malayalam:
Sub Title samagravum aadhikarikavum samboornavumaya vivaranatmakamaka pareeksha pariseelanasahayi/
Statement of responsibility, etc by Suvitha Jinto Puthenveetil
260 ## - PUBLICATION, DISTRIBUTION, ETC. (IMPRINT)
Place of publication Kozhikkode:
Name of publisher Atma Books,
Year of publication 2021.
300 ## - PHYSICAL DESCRIPTION
Number of Pages 980p.
650 ## - SUBJECT ADDED ENTRY--TOPICAL TERM
Topical Term HST Exam Helper
650 ## - SUBJECT ADDED ENTRY--TOPICAL TERM
Topical Term Language Malaylam
650 ## - SUBJECT ADDED ENTRY--TOPICAL TERM
Topical Term Literature Malayalam
650 ## - SUBJECT ADDED ENTRY--TOPICAL TERM
Topical Term Literature
942 ## - ADDED ENTRY ELEMENTS (KOHA)
Koha item type Book
Holdings
Withdrawn status Lost status Damaged status Not for loan Permanent Location Current Location Shelving location Date acquired Cost, normal purchase price Full call number Accession Number Price effective from Koha item type
        Sree Sankaracharya University of Sanskrit Sree Sankaracharya University of Sanskrit Reference 21.05.2026 750.00 R M 894.812 SUV/H 108879 21.05.2026 Reference